000 00654nam a22002177a 4500
005 20141015113426.0
010 _aENG-111013
020 _c135.00
_a9788175157002
020 _c135.00
_a8175157003
035 _aEN-94545
037 _bDBAD/PUB
082 _a577
100 _aSingh, Kalpna
245 _aRealms of environment and ecology /
_cby Kalpna Singh, Umesh Sharma [and] S.K. Pathak
260 _aNew Delhi
_bGalgotia Publications
_c2012
270 _bNew Delhi
_e110002
_a5, Ansari Road, Darya Ganj
300 _axxiv,134p.
_c22cm(pbk)
700 _aSharma, Umesh
700 _aPathak, S.K.
942 _2ddc
_cEN
_mSIN
_h577
999 _c89213
_d89213